000 01231nam a22003137a 4500
001 slowcookingprope00page
003 CaSfIA
005 20210119082737.0
007 cr||||
008 911030r19901979enka 001 0 eng
040 _aUKM
_cUKM
_dCaSfIA
015 _aGB91-65091
020 _a071600819X (pbk)
020 _a9780716008194 (pbk)
035 _a(OCoLC)24951941
082 0 4 _a641.5
_220
100 1 _aPage, Dianne.
245 1 0 _aSlow cooking properly explained with recipies.
_h[electronic resource]
260 _bPaperfronts,
_c1990.
300 _a127 p.
653 _aCookery
029 0 _aUKM
_bb9165091
029 1 _aAU@
_b000008595700
856 4 1 _uhttp://www.archive.org/details/slowcookingprope00page
_zFree eBook from the Internet Archive
856 4 2 _uhttp://www.openlibrary.org/books/OL18426329M
_zAdditional information and access via Open Library
942 _cEB
506 _fНеобхідна авторизація на https://archive.org/ (створення облікового запису безкоштовно)
506 _fНеобхідна авторизація на https://openlibrary.org/ (створення облікового запису безкоштовно)
999 _c549701
_d549701